000 00236nam a2200121Ia 4500
100 _aMehta/N.V.
650 _aGeneral
942 _cBK
366 _f20
245 _aIncome-Tax Ready Reckoner.
260 _bKUBER PUBL.
300 _a376
999 _c23887
_d23887